000 00554nas a2200181 i 4500
001 173438
003 ES-MaACL
005 20250901062848.0
008 091202c1941 sp | | ||pa d
245 0 0 _aAnales del Instituto Radio-Quirúrgico de Guipúzcoa.
260 _aSan Sebastián :
_b[Instituto Radio-Quirúrgico de Guipúzcoa],
_c1941-
300 _a90 p. :
_bil. ;
_c25 cm.
310 _aAnual
710 2 _aInstituto Radio-Quirúrgico de Guipúzcoa
_9141695
852 _aES-MaACL
_jC-41284
866 0 _o1971.
999 _c173438
_d173438